| 000 | 00401nam a2200157Ia 4500 | ||
|---|---|---|---|
| 008 | 210716s1992 xx 000 0 und d | ||
| 020 | _a538814438 | ||
| 041 | _aeng | ||
| 082 | _a658.87 DUNP | ||
| 100 | _aDunne, Patrick; Lusch, Robert; guble, Myron. | ||
| 245 | _aRetailing. | ||
| 250 | _a1 | ||
| 260 |
_aUSA _bSouth Western Publishing Company _c1992 |
||
| 300 | _axxxi,496 | ||
| 650 | _aRetailing | ||
| 999 |
_c180908 _d180908 |
||